[Event "DEM U12w 2018"]
[Site "Willingen GER"]
[Date "2018.05.20"]
[Round "1"]
[White "Voigt, Anastasia"]
[Black "Breß, Amy Charlize"]
[Result "0-1"]
[Termination "normal"]
[Board "9"]
[WhiteElo "1281"]
[BlackElo "1558"]
[WhiteClock "01:18:48"]
[BlackClock "00:16:41"]
[PlyCount "136"]
[WhiteFideId "16235223"]
[BlackFideId "16233786"]
[EventCountry "GER"]
[EventRounds "11"]
[EventType "swiss"]
[EventDate "2018.05.19"]

1. e4 {[%clk 1:15:59]} 1... c5 {[%clk 1:15:50]} 2. Nf3 {[%clk 1:16:25]} 2... a6
{[%clk 1:16:11]} 3. d4 {[%clk 1:16:48]} 3... cxd4 {[%clk 1:16:25]} 4. Nxd4 {
[%clk 1:17:12]} 4... Nf6 {[%clk 1:16:20]} 5. Nc3 {[%clk 1:17:20]} 5... e5 {
[%clk 1:16:19]} 6. Nf3 {[%clk 1:17:25]} 6... Nc6 {[%clk 1:15:27]} 7. Bd3 {
[%clk 1:17:36]} 7... Bb4 {[%clk 1:10:05]} 8. Bd2 {[%clk 1:17:31]} 8... d5 {
[%clk 0:43:07]} 9. exd5 {[%clk 1:15:39]} 9... Nxd5 {[%clk 0:43:09]} 10. Ne4 {
[%clk 1:15:08]} 10... f5 {[%clk 0:31:06]} 11. Ng3 {[%clk 1:12:52]} 11... e4 {
[%clk 0:28:40]} 12. Nxe4 {[%clk 1:13:13]} 12... fxe4 {[%clk 0:28:43]} 13. Bxe4
{[%clk 1:13:21]} 13... Be6 {[%clk 0:19:40]} 14. O-O {[%clk 1:13:06]} 14... Bxd2
{[%clk 0:18:41]} 15. Qxd2 {[%clk 1:12:51]} 15... Nf6 {[%clk 0:14:59]} 16. Bxc6+
{[%clk 1:12:04]} 16... bxc6 {[%clk 0:15:01]} 17. Qxd8+ {[%clk 1:11:45]} 17...
Kxd8 {[%clk 0:14:29]} 18. Rad1+ {[%clk 1:11:11]} 18... Kc7 {[%clk 0:14:43]} 19.
a3 {[%clk 1:11:11]} 19... Rad8 {[%clk 0:14:00]} 20. Rde1 {[%clk 1:10:11]} 20...
Rhe8 {[%clk 0:11:57]} 21. Ng5 {[%clk 1:09:14]} 21... Bc4 {[%clk 0:11:43]} 22.
Rxe8 {[%clk 1:09:31]} 22... Rxe8 {[%clk 0:12:00]} 23. Rd1 {[%clk 1:09:49]}
23... h6 {[%clk 0:10:26]} 24. Nf3 {[%clk 1:09:08]} 24... Be2 {[%clk 0:10:33]}
25. Rd2 {[%clk 1:08:13]} 25... Bxf3 {[%clk 0:09:00]} 26. gxf3 {[%clk 1:08:34]}
26... Re1+ {[%clk 0:09:23]} 27. Kg2 {[%clk 1:09:00]} 27... Re5 {[%clk 0:08:21]}
28. Rd4 {[%clk 1:08:08]} 28... Re2 {[%clk 0:06:50]} 29. Rc4 {[%clk 1:08:16]}
29... Nd5 {[%clk 0:06:43]} 30. Kf1 {[%clk 1:08:10]} 30... Re8 {[%clk 0:05:35]}
31. Rg4 {[%clk 1:07:27]} 31... Re7 {[%clk 0:05:06]} 32. c4 {[%clk 1:06:39]}
32... Nb6 {[%clk 0:04:43]} 33. b3 {[%clk 1:06:40]} 33... g5 {[%clk 0:04:41]}
34. Rd4 {[%clk 1:06:32]} 34... c5 {[%clk 0:04:46]} 35. Rd3 {[%clk 1:05:06]}
35... a5 {[%clk 0:05:10]} 36. Rd1 {[%clk 1:05:12]} 36... Re8 {[%clk 0:04:34]}
37. a4 {[%clk 1:05:11]} 37... Kc6 {[%clk 0:04:39]} 38. Kg2 {[%clk 1:05:10]}
38... Kc7 {[%clk 0:04:20]} 39. Kg3 {[%clk 1:05:28]} 39... Re2 {[%clk 0:03:09]}
40. Rd3 {[%clk 1:04:52]} 40... Nd7 {[%clk 0:02:10]} 41. Re3 {[%clk 1:03:51]}
41... Rxe3 {[%clk 0:01:39]} 42. fxe3 {[%clk 1:04:11]} 42... Nf6 {[%clk 0:01:38]
} 43. h4 {[%clk 1:04:01]} 43... Kd6 {[%clk 0:00:56]} 44. hxg5 {[%clk 1:02:58]}
44... hxg5 {[%clk 0:00:57]} 45. f4 {[%clk 1:02:46]} 45... gxf4+ {[%clk 0:15:00]
} 46. Kxf4 {[%clk 1:17:50]} 46... Ke6 {[%clk 0:14:55]} 47. e4 {[%clk 1:15:47]}
47... Nd7 {[%clk 0:14:49]} 48. Kg5 {[%clk 1:14:06]} 48... Ke5 {[%clk 0:14:42]}
49. Kg6 {[%clk 1:13:44]} 49... Kxe4 {[%clk 0:15:05]} 50. Kf7 {[%clk 1:14:08]}
50... Kd3 {[%clk 0:15:27]} 51. Ke6 {[%clk 1:14:10]} 51... Kc3 {[%clk 0:15:37]}
52. Kxd7 {[%clk 1:14:17]} 52... Kxb3 {[%clk 0:16:01]} 53. Kc6 {[%clk 1:14:28]}
53... Kxc4 {[%clk 0:16:24]} 54. Kb6 {[%clk 1:14:41]} 54... Kb4 {[%clk 0:16:42]}
55. Kc6 {[%clk 1:14:22]} 55... c4 {[%clk 0:17:02]} 56. Kd5 {[%clk 1:14:47]}
56... c3 {[%clk 0:17:26]} 57. Kd4 {[%clk 1:15:13]} 57... c2 {[%clk 0:17:50]}
58. Kd3 {[%clk 1:15:37]} 58... c1=Q {[%clk 0:18:08]} 59. Ke4 {[%clk 1:16:06]}
59... Qc5 {[%clk 0:18:05]} 60. Kf4 {[%clk 1:16:22]} 60... Kc4 {[%clk 0:17:58]}
61. Ke4 {[%clk 1:16:45]} 61... Qd5+ {[%clk 0:17:26]} 62. Ke3 {[%clk 1:16:59]}
62... Qd4+ {[%clk 0:17:19]} 63. Kf3 {[%clk 1:17:22]} 63... Kd3 {[%clk 0:17:07]}
64. Kg2 {[%clk 1:17:45]} 64... Qf4 {[%clk 0:16:43]} 65. Kg1 {[%clk 1:18:10]}
65... Ke2 {[%clk 0:16:54]} 66. Kg2 {[%clk 1:18:20]} 66... Qg4+ {[%clk 0:17:05]}
67. Kh1 {[%clk 1:18:19]} 67... Kf2 {[%clk 0:16:41]} 68. Kh2 {[%clk 1:18:48]}
68... Qg2# 0-1

[Event "DEM U12w 2018"]
[Site "Willingen GER"]
[Date "2018.05.20"]
[Round "1"]
[White "Schneider, Anna"]
[Black "Shapiro, Nina"]
[Result "1-0"]
[Termination "normal"]
[Board "10"]
[WhiteElo "1432"]
[BlackElo "1281"]
[PlyCount "137"]
[WhiteFideId "16200527"]
[BlackFideId "16260007"]
[EventCountry "GER"]
[EventRounds "11"]
[EventType "swiss"]
[EventDate "2018.05.19"]

1. e4 c5 2. Nf3 d6 3. d4 cxd4 4. Nxd4 Nf6 5. Nc3 g6 6. f3 Bg7 7. Be3 O-O 8. Qd2
Nc6 9. O-O-O a6 10. Kb1 d5 11. exd5 Nxd5 12. Nxd5 Qxd5 13. Nxc6 Qxc6 14. h4 b5
15. g4 Qf6 16. Bd4 Qxd4 17. Qxd4 Bxd4 18. Rxd4 h6 19. Bg2 Rb8 20. h5 g5 21. f4
f6 22. fxg5 fxg5 23. a3 e5 24. Rd6 Bxg4 25. Rxh6 Rbe8 26. Rg6+ Kh8 27. Rxg5 Bd7
28. Re1 Rf5 29. Rg6 a5 30. Rd1 Re7 31. h6 Be8 32. Rd8 Rf8 33. Bc6 Bxg6 34.
Rxf8+ Kh7 35. Bxb5 e4 36. Rf1 Kxh6 37. Kc1 e3 38. Re1 Rc7 39. c3 Rb7 40. a4 Re7
41. Kd1 Bh5+ 42. Be2 Bxe2+ 43. Kxe2 Re4 44. Kd3 Rxa4 45. Rxe3 Ra2 46. Kc2 Ra4
47. Kb3 Rg4 48. Re6+ Rg6 49. Rxg6+ Kxg6 50. Ka4 Kf6 51. Kxa5 Ke5 52. Ka6 Kd5
53. b4 Kc6 54. b5+ Kc7 55. Ka7 Kc8 56. b6 Kd7 57. b7 Kc6 58. b8=Q Kc5 59. Qf4
Kd5 60. Qd4+ Ke6 61. c4 Ke7 62. Qd5 Kf6 63. c5 Ke7 64. Qd6+ Kf7 65. c6 Kg7 66.
c7 Kf7 67. c8=R Kg7 68. Rc7+ Kg8 69. Qd8# 1-0

[Event "DEM U12w 2018"]
[Site "Willingen GER"]
[Date "2018.05.20"]
[Round "1"]
[White "Prinzen, Siri Marleen"]
[Black "Keymer, Cecilia"]
[Result "1/2-1/2"]
[Termination "normal"]
[Board "11"]
[WhiteElo "1227"]
[BlackElo "1423"]
[PlyCount "47"]
[WhiteFideId "16265912"]
[BlackFideId "16233468"]
[EventCountry "GER"]
[EventRounds "11"]
[EventType "swiss"]
[EventDate "2018.05.19"]

1. e4 e5 2. Nf3 Nc6 3. Bc4 Bc5 4. c3 Nf6 5. d3 d6 6. Bg5 h6 7. Be3 Bxe3 8. fxe3
Na5 9. Bb5+ c6 10. Ba4 b5 11. Bc2 Qb6 12. Nbd2 Qxe3+ 13. Qe2 Qxe2+ 14. Kxe2 Be6
15. b4 Nb7 16. a4 O-O 17. d4 exd4 18. Nxd4 Bd7 19. Ra3 bxa4 20. Bxa4 c5 21.
Bxd7 Nxd7 22. Nb5 a5 23. bxa5 Rxa5 24. Rxa5 1/2-1/2

[Event "DEM U12w 2018"]
[Site "Willingen GER"]
[Date "2018.05.20"]
[Round "1"]
[White "Zöllner, Bente"]
[Black "Hubert, Charlotte"]
[Result "0-1"]
[Termination "normal"]
[Board "12"]
[WhiteElo "1314"]
[BlackElo "1219"]
[PlyCount "130"]
[WhiteFideId "16230523"]
[BlackFideId "16265920"]
[EventCountry "GER"]
[EventRounds "11"]
[EventType "swiss"]
[EventDate "2018.05.19"]

1. d4 d5 2. Nf3 Nf6 3. c4 e6 4. Nc3 Be7 5. Bg5 Nbd7 6. e3 b6 7. cxd5 exd5 8.
Bb5 O-O 9. O-O Bb7 10. Rc1 c6 11. Ba4 Rc8 12. Qd3 Ne4 13. Bxe7 Qxe7 14. Bc2
Ndf6 15. Nd2 Nd6 16. Nf3 Nde4 17. Ne5 c5 18. b3 cxd4 19. exd4 Rxc3 20. Qe2 Rfc8
21. f3 Nd6 22. Qd2 Ba6 23. Rfe1 Qc7 24. Nc4 Rxc2 25. Qxc2 dxc4 26. bxc4 Qxc4
27. Qb2 Qb5 28. Qxb5 Bxb5 29. Rxc8+ Nxc8 30. Rb1 Bc4 31. Rc1 Nd6 32. a3 h6 33.
Kf2 b5 34. Ke3 Kf8 35. Kd2 Ke7 36. Re1+ Kd7 37. Kc3 Nd5+ 38. Kc2 a5 39. Rb1 Kc6
40. Kd2 b4 41. axb4 axb4 42. Rxb4 Nxb4 43. Kc3 Nd5+ 44. Kd2 Bf1 45. g3 Bg2 46.
f4 Bh3 47. Ke2 Nf5 48. Kf3 Nde3 49. Ke4 Nf1 50. d5+ Kd6 51. g4 Bxg4 52. h4 Nxh4
53. Kd4 Nf3+ 54. Ke4 h5 55. f5 h4 56. Kf4 h3 57. Kxg4 h2 58. Kxf3 h1=Q+ 59. Kf4
Qh4+ 60. Kf3 Qd4 61. f6 gxf6 62. Kg2 Qf4 63. Kg1 Ne3 64. Kh1 Qf3+ 65. Kg1 Qg2#
0-1

[Event "DEM U12w 2018"]
[Site "Willingen GER"]
[Date "2018.05.20"]
[Round "1"]
[White "Müller, Alina"]
[Black "Schulz, Hannah"]
[Result "0-1"]
[Termination "normal"]
[Board "13"]
[WhiteElo "1208"]
[BlackElo "1651"]
[PlyCount "83"]
[WhiteFideId "16265939"]
[BlackFideId "16244745"]
[EventCountry "GER"]
[EventRounds "11"]
[EventType "swiss"]
[EventDate "2018.05.19"]

1. d4 d5 2. Nf3 c5 3. c3 Nc6 4. e3 Bg4 5. Nbd2 Nf6 6. h3 Bh5 7. g4 Bg6 8. Nh4
Be4 9. f3 Bg6 10. Nxg6 hxg6 11. Bg2 Qc7 12. f4 e6 13. g5 Nh5 14. Qf3 cxd4 15.
cxd4 Nb4 16. O-O O-O-O 17. a3 Nc6 18. b4 Kb8 19. Bb2 Ne7 20. Rfc1 Qd7 21. Rc2
Rc8 22. Rac1 Rxc2 23. Rxc2 Nf5 24. Nf1 Qa4 25. Qd1 Qb5 26. Qc1 Bd6 27. Qe1 Rc8
28. Qc1 Rxc2 29. Qxc2 Nhg3 30. Nxg3 Nxg3 31. Qf2 Nf5 32. Bf1 Qa4 33. Bc1 Qd1
34. Qd2 Qa4 35. Be2 Qe8 36. Bf3 Qh8 37. Qg2 b6 38. e4 dxe4 39. Bxe4 Qh4 40. Qf1
Ng3 41. Bd3 Nxf1 42. Bxf1 0-1

[Event "DEM U12w 2018"]
[Site "Willingen GER"]
[Date "2018.05.20"]
[Round "1"]
[White "Lorenz, Anouk"]
[Black "Wimmer, Katharina"]
[Result "1/2-1/2"]
[Termination "normal"]
[Board "14"]
[WhiteElo "1310"]
[BlackElo "1169"]
[PlyCount "68"]
[WhiteFideId "12990256"]
[BlackFideId "16265947"]
[EventCountry "GER"]
[EventRounds "11"]
[EventType "swiss"]
[EventDate "2018.05.19"]

1. e4 e5 2. Nf3 Nc6 3. Bc4 Bc5 4. c3 Nf6 5. d4 exd4 6. cxd4 Bb4+ 7. Nc3 Nxe4 8.
O-O O-O 9. Nxe4 d5 10. Bxd5 Qxd5 11. Nc3 Qh5 12. h3 Rd8 13. a3 Bc5 14. Bg5 Be7
15. Bxe7 Nxe7 16. Re1 Ng6 17. Ne4 Be6 18. Rc1 Rac8 19. Rc5 Qh6 20. Ng3 Nf4 21.
Rce5 c5 22. R5e4 c4 23. Qd2 Nd3 24. Qxh6 gxh6 25. Rb1 b5 26. Nh4 Rd5 27. f4 a5
28. f5 Bd7 29. Re3 Rxd4 30. Nf3 Rd5 31. f6 b4 32. axb4 axb4 33. Rd1 Be6 34. Rd2
Ra8 1/2-1/2

[Event "DEM U12w 2018"]
[Site "Willingen GER"]
[Date "2018.05.20"]
[Round "1"]
[White "Feige, Adelina"]
[Black "Wörz, Ann-Sophie"]
[Result "0-1"]
[Termination "normal"]
[Board "15"]
[WhiteElo "1166"]
[BlackElo "1433"]
[PlyCount "86"]
[WhiteFideId "16265955"]
[BlackFideId "16265890"]
[EventCountry "GER"]
[EventRounds "11"]
[EventType "swiss"]
[EventDate "2018.05.19"]

1. d4 Nf6 2. c4 e6 3. Nc3 Bb4 4. Bg5 h6 5. Bh4 g5 6. Bg3 b6 7. Qc2 h5 8. h4
Bxc3+ 9. bxc3 g4 10. e4 Bb7 11. Bd3 d6 12. Ne2 Qe7 13. O-O Nbd7 14. e5 Ng8 15.
Rab1 f5 16. d5 Nxe5 17. Bxe5 dxe5 18. Qa4+ Qd7 19. Qxd7+ Kxd7 20. dxe6+ Kxe6
21. c5 Rd8 22. Bc4+ Bd5 23. Bxd5+ Rxd5 24. cxb6 axb6 25. c4 Rd2 26. Nc3 Ne7 27.
Nb5 Rc8 28. a4 c6 29. Na7 Rc7 30. Nxc6 Rxc6 31. Rfc1 f4 32. g3 fxg3 33. fxg3
Nf5 34. Rc3 e4 35. Rbc1 Rc5 36. R1c2 Rxc2 37. Rxc2 Nxg3 38. Kg2 Nf5 39. Kf2 g3+
40. Kg2 Ne3+ 41. Kxg3 Nxc2 42. Kh3 e3 43. Kg3 e2 0-1

[Event "DEM U12w 2018"]
[Site "Willingen GER"]
[Date "2018.05.20"]
[Round "1"]
[White "Fischer, Darja"]
[Black "Kumas, Alina"]
[Result "1-0"]
[Termination "normal"]
[Board "16"]
[WhiteElo "1292"]
[BlackElo "1157"]
[PlyCount "33"]
[WhiteFideId "16240898"]
[BlackFideId "16235789"]
[EventCountry "GER"]
[EventRounds "11"]
[EventType "swiss"]
[EventDate "2018.05.19"]

1. e4 e5 2. Nf3 Nc6 3. Nc3 Nf6 4. Bb5 Bb4 5. d3 d6 6. O-O O-O 7. Bg5 Qe7 8. Nd5
Qe6 9. Nxc7 Qe7 10. Nd5 Qe6 11. Bxc6 bxc6 12. Nxb4 Bd7 13. Re1 Rab8 14. c3 c5
15. Bxf6 Qxf6 16. Nd5 Qg6 17. Ne7+ 1-0

[Event "DEM U12w 2018"]
[Site "Willingen GER"]
[Date "2018.05.20"]
[Round "1"]
[White "Gossing, Marie-Sophie"]
[Black "Derling, Charlotte"]
[Result "0-1"]
[Termination "normal"]
[Board "17"]
[WhiteElo "1309"]
[BlackElo "1449"]
[PlyCount "96"]
[WhiteFideId "16217284"]
[BlackFideId "16222237"]
[EventCountry "GER"]
[EventRounds "11"]
[EventType "swiss"]
[EventDate "2018.05.19"]

1. e4 c5 2. d4 cxd4 3. c3 d3 4. Bxd3 Nc6 5. Be3 Nf6 6. Nf3 d6 7. O-O g6 8. Re1
Bg7 9. Bf4 O-O 10. Nbd2 Bg4 11. Qc2 Rc8 12. b4 Nxb4 13. Qb1 Nxd3 14. Qxd3 Qa5
15. Rec1 Nh5 16. Be3 Rxc3 17. Rxc3 Qxc3 18. Qxc3 Bxc3 19. Rc1 Rc8 20. Nb3 b6
21. h3 Be6 22. Rd1 Nf6 23. Ng5 Bd7 24. Bd4 Bxd4 25. Rxd4 Bb5 26. f4 Rc4 27.
Rxc4 Bxc4 28. e5 dxe5 29. fxe5 Nd7 30. Nf3 Bd5 31. Nbd4 Bxa2 32. Kf2 f6 33. Nc6
Kf7 34. exf6 exf6 35. Nxa7 Ne5 36. Nd4 Bc4 37. g3 Bd3 38. Ke3 g5 39. Kd2 Bf1
40. h4 gxh4 41. gxh4 Bg2 42. Ke3 Ng6 43. h5 Ne5 44. Kf4 Bh3 45. Nb3 Bg4 46. h6
Kg6 47. Nd2 Kxh6 48. Ne4 Kg6 0-1

[Event "DEM U12w 2018"]
[Site "Willingen GER"]
[Date "2018.05.20"]
[Round "1"]
[White "Sinner, Joselyne"]
[Black "Alhassan, Jodi"]
[Result "1-0"]
[Termination "normal"]
[Board "18"]
[WhiteElo "1541"]
[BlackElo "1114"]
[PlyCount "39"]
[WhiteFideId "16210387"]
[BlackFideId "16250460"]
[EventCountry "GER"]
[EventRounds "11"]
[EventType "swiss"]
[EventDate "2018.05.19"]

1. e4 c5 2. Nf3 d6 3. Bb5+ Nc6 4. O-O e5 5. Nc3 a6 6. Be2 Nf6 7. d3 Bg4 8. Bg5
Be7 9. Bxf6 Bxf6 10. Nd5 Bxf3 11. Bxf3 O-O 12. c3 b5 13. Bg4 a5 14. f4 Be7 15.
Rf3 Nb8 16. Qe2 b4 17. Raf1 f6 18. Be6+ Kh8 19. Rh3 bxc3 20. Qh5 1-0

[Event "DEM U12w 2018"]
[Site "Willingen GER"]
[Date "2018.05.20"]
[Round "1"]
[White "Kanno, Clara Yumi"]
[Black "Hentschel, Lena"]
[Result "1-0"]
[Termination "normal"]
[Board "19"]
[WhiteElo "1073"]
[BlackElo "1466"]
[PlyCount "175"]
[WhiteFideId "16259661"]
[BlackFideId "16240324"]
[EventCountry "GER"]
[EventRounds "11"]
[EventType "swiss"]
[EventDate "2018.05.19"]

1. e4 e5 2. Nf3 Nc6 3. Bc4 Bc5 4. d3 h6 5. Be3 Bb6 6. Nc3 d6 7. h3 Nf6 8. Ne2
Be6 9. Bb3 Qd7 10. Qd2 O-O-O 11. Bxb6 cxb6 12. Ng3 d5 13. Qc3 Qc7 14. O-O-O
Rhe8 15. Rhe1 d4 16. Bxe6+ Rxe6 17. Qc4 g6 18. Kb1 a6 19. c3 dxc3 20. Qxc3 Kb8
21. Rc1 Qe7 22. Red1 Nb4 23. d4 exd4 24. Rxd4 Nc6 25. Rxd8+ Qxd8 26. e5 Nd7 27.
Rd1 Qc7 28. Qe3 Ndxe5 29. Nxe5 Nxe5 30. Qxh6 Rf6 31. Qh8+ Ka7 32. Qxf6 Qc5 33.
Ne4 Qb5 34. Nd6 Qe2 35. Rc1 Qd3+ 36. Ka1 Qd2 37. Rg1 Nd3 38. Nc4 Qb4 39. Qd4
Nxb2 40. Qxb6+ Qxb6 41. Nxb6 Nd3 42. Nd7 f5 43. f3 Nf4 44. g4 Nxh3 45. Rg3 Nf4
46. gxf5 gxf5 47. Rg5 Ne2 48. Rxf5 Nd4 49. Rf4 Ne6 50. Rf6 Nc7 51. f4 Nd5 52.
Rf5 Nc7 53. Rf7 b5 54. Ne5 Kb7 55. Rxc7+ Kxc7 56. f5 Kd8 57. f6 Ke8 58. f7+ Ke7
59. Kb2 a5 60. Kb3 Kf8 61. a4 b4 62. Kc4 Ke7 63. Nc6+ Kxf7 64. Nxa5 Ke7 65.
Kxb4 Kd7 66. Kb5 Kc8 67. Kb6 Kb8 68. Nb3 Ka8 69. Nd4 Kb8 70. Nb5 Kc8 71. Nc7
Kd7 72. a5 Kd6 73. a6 Ke5 74. a7 Kd4 75. a8=Q Ke5 76. Qc6 Kf4 77. Qd5 Ke3 78.
Qc4 Kf3 79. Kc5 Ke3 80. Kd5 Kf3 81. Qd4 Kg3 82. Qe4 Kf2 83. Qd3 Ke1 84. Qc2 Kf1
85. Kd4 Kg1 86. Ke3 Kh1 87. Kf3 Kg1 88. Qg2# 1-0

[Event "DEM U12w 2018"]
[Site "Willingen GER"]
[Date "2018.05.20"]
[Round "1"]
[White "Bildat, Emilia"]
[Black "von Rosen, Anna"]
[Result "1-0"]
[Termination "normal"]
[Board "20"]
[WhiteElo "1460"]
[BlackElo "1395"]
[PlyCount "59"]
[WhiteFideId "16218140"]
[BlackFideId "12982997"]
[EventCountry "GER"]
[EventRounds "11"]
[EventType "swiss"]
[EventDate "2018.05.19"]

1. c4 c5 2. Nc3 Nc6 3. g3 Nf6 4. Bg2 g6 5. e3 Bg7 6. Nge2 O-O 7. O-O d6 8. d4
cxd4 9. exd4 Bg4 10. h3 Be6 11. d5 Bxh3 12. Bxh3 Ne5 13. b3 Re8 14. Bf4 e6 15.
dxe6 fxe6 16. Bxe5 dxe5 17. Qxd8 Raxd8 18. Rad1 Rxd1 19. Rxd1 Bf8 20. Nb5 Kf7
21. Nc7 Re7 22. Nb5 Rd7 23. Rxd7+ Nxd7 24. Nxa7 Nc5 25. Nb5 Nd3 26. Nec3 Bc5
27. Ne4 Bb6 28. Ned6+ Ke7 29. Nc8+ Kf6 30. Nxb6 1-0

[Event "DEM U12w 2018"]
[Site "Willingen GER"]
[Date "2018.05.20"]
[Round "2"]
[White "Butenandt, Svenja"]
[Black "Fischer, Darja"]
[Result "1-0"]
[Termination "normal"]
[Board "1"]
[WhiteElo "1730"]
[BlackElo "1292"]
[WhiteClock "00:25:32"]
[BlackClock "00:15:46"]
[PlyCount "141"]
[WhiteFideId "12993859"]
[BlackFideId "16240898"]
[EventCountry "GER"]
[EventRounds "11"]
[EventType "swiss"]
[EventDate "2018.05.19"]

1. d4 {[%clk 1:15:57]} 1... d5 {[%clk 1:15:56]} 2. c4 {[%clk 1:16:21]} 2... e6
{[%clk 1:16:22]} 3. Nc3 {[%clk 1:16:47]} 3... Nf6 {[%clk 1:16:46]} 4. Bg5 {
[%clk 1:16:52]} 4... Nbd7 {[%clk 1:17:01]} 5. Nf3 {[%clk 1:16:53]} 5... Be7 {
[%clk 1:17:22]} 6. cxd5 {[%clk 1:16:27]} 6... exd5 {[%clk 1:17:34]} 7. e3 {
[%clk 1:16:33]} 7... O-O {[%clk 1:15:54]} 8. Bd3 {[%clk 1:15:42]} 8... b6 {
[%clk 1:13:29]} 9. O-O {[%clk 1:15:36]} 9... Bb7 {[%clk 1:13:38]} 10. Qc2 {
[%clk 1:13:08]} 10... h6 {[%clk 1:11:26]} 11. Bh4 {[%clk 1:11:14]} 11... Re8 {
[%clk 1:05:00]} 12. Rab1 {[%clk 1:04:45]} 12... a5 {[%clk 0:56:50]} 13. Nb5 {
[%clk 0:52:58]} 13... c6 {[%clk 0:53:59]} 14. Nc3 {[%clk 0:50:13]} 14... Ba6 {
[%clk 0:46:20]} 15. Bxa6 {[%clk 0:46:20]} 15... Rxa6 {[%clk 0:46:40]} 16. Rfd1
{[%clk 0:41:06]} 16... Ra8 {[%clk 0:35:31]} 17. Rbc1 {[%clk 0:36:01]} 17... Rc8
{[%clk 0:34:41]} 18. Qa4 {[%clk 0:24:19]} 18... b5 {[%clk 0:30:30]} 19. Qb3 {
[%clk 0:21:48]} 19... a4 {[%clk 0:26:13]} 20. Qc2 {[%clk 0:22:06]} 20... Qb6 {
[%clk 0:19:52]} 21. Qe2 {[%clk 0:19:43]} 21... Bd6 {[%clk 0:17:45]} 22. Qd3 {
[%clk 0:17:18]} 22... Ne4 {[%clk 0:15:23]} 23. Rc2 {[%clk 0:14:27]} 23... Ndf6
{[%clk 0:10:15]} 24. Rdc1 {[%clk 0:13:41]} 24... Rc7 {[%clk 0:08:38]} 25. Nd2 {
[%clk 0:12:17]} 25... Nxd2 {[%clk 0:04:10]} 26. Qxd2 {[%clk 0:12:16]} 26... Ne4
{[%clk 0:03:26]} 27. Nxe4 {[%clk 0:12:03]} 27... dxe4 {[%clk 0:03:40]} 28. Bg3
{[%clk 0:11:24]} 28... Rd8 {[%clk 0:03:38]} 29. Bxd6 {[%clk 0:11:37]} 29...
Rxd6 {[%clk 0:04:03]} 30. Rc5 {[%clk 0:10:03]} 30... Rd5 {[%clk 0:03:32]} 31.
Qc2 {[%clk 0:08:55]} 31... Rxc5 {[%clk 0:02:39]} 32. dxc5 {[%clk 0:08:46]}
32... Qa5 {[%clk 0:01:16]} 33. Qxe4 {[%clk 0:08:46]} 33... Qd2 {[%clk 0:01:21]}
34. Qc2 {[%clk 0:08:17]} 34... Qxc2 {[%clk 0:00:55]} 35. Rxc2 {[%clk 0:08:42]}
35... Rd7 {[%clk 0:01:20]} 36. g3 {[%clk 0:08:12]} 36... Kf8 {[%clk 0:01:45]}
37. Kf1 {[%clk 0:08:32]} 37... Ke8 {[%clk 0:01:51]} 38. Ke2 {[%clk 0:08:55]}
38... Rd5 {[%clk 0:01:16]} 39. b4 {[%clk 0:08:08]} 39... axb3 {[%clk 0:01:29]}
40. axb3 {[%clk 0:08:27]} 40... Ke7 {[%clk 0:00:44]} 41. b4 {[%clk 0:08:50]}
41... Ke6 {[%clk 0:00:39]} 42. Rd2 {[%clk 0:08:29]} 42... Rxd2+ {[%clk 0:00:53]
} 43. Kxd2 {[%clk 0:08:51]} 43... Kd5 {[%clk 0:01:21]} 44. Kd3 {[%clk 0:09:15]}
44... f5 {[%clk 0:15:14]} 45. f3 {[%clk 0:21:57]} 45... g5 {[%clk 0:13:04]} 46.
e4+ {[%clk 0:21:54]} 46... fxe4+ {[%clk 0:13:15]} 47. fxe4+ {[%clk 0:22:13]}
47... Ke5 {[%clk 0:13:08]} 48. Ke3 {[%clk 0:21:26]} 48... h5 {[%clk 0:11:39]}
49. h3 {[%clk 0:19:58]} 49... g4 {[%clk 0:11:05]} 50. h4 {[%clk 0:20:05]} 50...
Ke6 {[%clk 0:10:33]} 51. Kf4 {[%clk 0:20:29]} 51... Kf6 {[%clk 0:10:53]} 52.
e5+ {[%clk 0:20:40]} 52... Ke6 {[%clk 0:11:13]} 53. Ke4 {[%clk 0:21:05]} 53...
Ke7 {[%clk 0:11:12]} 54. Kf5 {[%clk 0:21:24]} 54... Kf7 {[%clk 0:11:04]} 55.
e6+ {[%clk 0:21:44]} 55... Ke7 {[%clk 0:11:29]} 56. Ke5 {[%clk 0:22:07]} 56...
Ke8 {[%clk 0:11:54]} 57. Kd6 {[%clk 0:22:25]} 57... Kd8 {[%clk 0:12:03]} 58.
Kxc6 {[%clk 0:22:47]} 58... Ke7 {[%clk 0:12:17]} 59. Kb7 {[%clk 0:23:05]} 59...
Kxe6 {[%clk 0:12:37]} 60. c6 {[%clk 0:23:29]} 60... Kd5 {[%clk 0:12:59]} 61. c7
{[%clk 0:23:52]} 61... Kc4 {[%clk 0:13:25]} 62. c8=Q+ {[%clk 0:24:14]} 62...
Kxb4 {[%clk 0:13:51]} 63. Kb6 {[%clk 0:23:55]} 63... Ka4 {[%clk 0:14:03]} 64.
Qc6 {[%clk 0:23:53]} 64... Kb4 {[%clk 0:14:24]} 65. Qc5+ {[%clk 0:24:02]} 65...
Kb3 {[%clk 0:14:40]} 66. Kxb5 {[%clk 0:24:24]} 66... Kb2 {[%clk 0:15:05]} 67.
Qc4 {[%clk 0:24:36]} 67... Ka1 {[%clk 0:14:37]} 68. Qb4 {[%clk 0:24:44]} 68...
Ka2 {[%clk 0:15:00]} 69. Kc4 {[%clk 0:25:06]} 69... Ka1 {[%clk 0:15:22]} 70.
Kc3 {[%clk 0:25:32]} 70... Ka2 {[%clk 0:15:46]} 71. Qb2# 1-0